Inspection, repair and maintenance of ship structures / (Record no. 60649)

000 -LEADER
fixed length control field 01328cam a22003497a 4500
001 - CONTROL NUMBER
control field 15880530
003 - CONTROL NUMBER IDENTIFIER
control field NUST-PNEC
005 - DATE AND TIME OF LATEST TRANSACTION
control field 20170116180704.0
008 - FIXED-LENGTH DATA ELEMENTS--GENERAL INFORMATION
fixed length control field 090825s2009 stka b 000 0 eng d
010 ## - LIBRARY OF CONGRESS CONTROL NUMBER
LC control number 2009483405
015 ## - NATIONAL BIBLIOGRAPHY NUMBER
National bibliography number GBA938574
Source bnb
016 7# - NATIONAL BIBLIOGRAPHIC AGENCY CONTROL NUMBER
Record control number 015115353
Source Uk
020 ## - INTERNATIONAL STANDARD BOOK NUMBER
International Standard Book Number 9781905331376
020 ## - INTERNATIONAL STANDARD BOOK NUMBER
International Standard Book Number 1905331371
035 ## - SYSTEM CONTROL NUMBER
System control number (OCoLC)ocn319208814
040 ## - CATALOGING SOURCE
Original cataloging agency UKM
Transcribing agency PNEC
042 ## - AUTHENTICATION CODE
Authentication code ukscp
-- lccopycat
050 00 - LIBRARY OF CONGRESS CALL NUMBER
Classification number VM147
Item number .C37 2009
082 00 - DEWEY DECIMAL CLASSIFICATION NUMBER
Classification number 623.8200288 CAR
100 1# - MAIN ENTRY--PERSONAL NAME
Personal name Caridis, P. A.
245 10 - TITLE STATEMENT
Title Inspection, repair and maintenance of ship structures /
Statement of responsibility, etc. P.A. Caridis.
250 ## - EDITION STATEMENT
Edition statement 2nd ed.
260 ## - PUBLICATION, DISTRIBUTION, ETC.
Place of publication, distribution, etc. Livingston :
Name of publisher, distributor, etc. Witherby Seamanship International,
Date of publication, distribution, etc. 2009.
300 ## - PHYSICAL DESCRIPTION
Extent xiv, 326 p. :
Other physical details ill. (some col.) ;
Dimensions 30 cm.
500 ## - GENERAL NOTE
General note Includes Index http://www.amazon.com/Inspection-Repair-Maintenance-Ship-Structures/dp/1905331371/ref=sr_1_1?s=books&ie=UTF8&qid=1410848192&sr=1-1&keywords=9781905331376
504 ## - BIBLIOGRAPHY, ETC. NOTE
Bibliography, etc. note Includes bibliographical references.
650 #0 - SUBJECT ADDED ENTRY--TOPICAL TERM
Topical term or geographic name entry element Ships, Iron and steel
General subdivision Maintenance and repair.
650 #0 - SUBJECT ADDED ENTRY--TOPICAL TERM
Topical term or geographic name entry element Ships, Iron and steel
General subdivision Inspection, ME
906 ## - LOCAL DATA ELEMENT F, LDF (RLIN)
a 7
b cbc
c copycat
d 2
e ncip
f 20
g y-gencatlg
942 ## - ADDED ENTRY ELEMENTS (KOHA)
Source of classification or shelving scheme
Koha item type Book
Holdings
Withdrawn status Lost status Source of classification or shelving scheme Damaged status Not for loan Permanent Location Current Location Shelving location Date acquired Source of acquisition Cost, normal purchase price Total Checkouts Full call number Barcode Date last seen Cost, replacement price Price effective from Koha item type
          Pakistan Navy Engineering College (PNEC) Pakistan Navy Engineering College (PNEC) Reference 03/14/2013 Progressive International Agency 24038.00   623.8200288 CAR PNECLIB-031166 09/16/2014 24038.00 03/14/2013 Book
© 2023 Central Library, National University of Sciences and Technology. All Rights Reserved.